ბათუმის შოთა რუსთაველის სახელმწიფო უნივერსიტეტის ბიბლიოთეკა

Substance Abuse and the Family: (ბიბ.ჩანაწერი № 59818)

000 -LEADER
fixed length control field 00624nam a22001817a 4500
005 - DATE AND TIME OF LATEST TRANSACTION
control field 20230424124726.0
008 - FIXED-LENGTH DATA ELEMENTS--GENERAL INFORMATION
fixed length control field 230424s2019 enk||||| |||| 00| 0 eng d
020 ## - INTERNATIONAL STANDARD BOOK NUMBER
International Standard Book Number 9781138625976x
041 ## - LANGUAGE CODE
Language code of text/sound track or separate title eng
080 ## - UNIVERSAL DECIMAL CLASSIFICATION NUMBER
Universal Decimal Classification number 615.009+159 R-37
100 ## - MAIN ENTRY--PERSONAL NAME
Personal name Reiter, Michael D.
9 (RLIN) 17757
245 ## - TITLE STATEMENT
Title Substance Abuse and the Family:
Remainder of title Assessment and Treatment
Statement of responsibility, etc. Michael D. Reiter.
264 ## - PRODUCTION, PUBLICATION, DISTRIBUTION, MANUFACTURE, AND COPYRIGHT NOTICE
Place of production, publication, distribution, manufacture New York :
Name of producer, publisher, distributor, manufacturer ‎Routledge,
Date of production, publication, distribution, manufacture, or copyright notice 2019.
300 ## - PHYSICAL DESCRIPTION
Extent 428 p. :
Other physical details ill.
Dimensions 23 cm.
653 ## - INDEX TERM--UNCONTROLLED
keyword ნარკოტიკების ბოროტად გამოყენება
653 ## - INDEX TERM--UNCONTROLLED
keyword მკურნალობა
942 ## - ADDED ENTRY ELEMENTS (KOHA)
Source of classification or shelving scheme
Koha item type წიგნი
ეგზემპლარები
Withdrawn status Lost status Source of classification or shelving scheme Damaged status Not for loan Permanent Location Current Location Shelving location Date acquired Cost, normal purchase price Full call number Barcode Date last seen Copy number Price effective from Koha item type Public note
          ბათუმის შოთა რუსთაველის სახელმწიფო უნივერსიტეტის მთავარი ბიბლიოთეკა ბათუმის შოთა რუსთაველის სახელმწიფო უნივერსიტეტის მთავარი ბიბლიოთეკა წიგნსაცავი 2023-04-24 111.00 615.009+159 R-37 29399 2023-04-24 29399 2023-04-24 წიგნი 111 ლ.